Library Banner

ایقان اقبال (Record no. 81244)

MARC details
000 -LEADER
fixed length control field 00388nam a22001457a 4500
005 - DATE AND TIME OF LATEST TRANSACTION
control field 20160106160127.0
008 - FIXED-LENGTH DATA ELEMENTS--GENERAL INFORMATION
fixed length control field 160106b xxu||||| |||| 00| 0 eng d
040 ## - CATALOGING SOURCE
Transcribing agency PK-LaUMT
082 ## - DEWEY DECIMAL CLASSIFICATION NUMBER
Classification number MMC 928.91439
Item number MUN-A
100 ## - MAIN ENTRY--PERSONAL NAME
Personal name منور، محمد
245 ## - TITLE STATEMENT
Title ایقان اقبال
Statement of responsibility, etc محمد منور
260 ## - PUBLICATION, DISTRIBUTION, ETC. (IMPRINT)
Place of publication, distribution, etc کراچی
Name of publisher, distributor, etc ایوان اردو
Date of publication, distribution, etc 1977
300 ## - PHYSICAL DESCRIPTION
Extent 240 ص
942 ## - ADDED ENTRY ELEMENTS (KOHA)
Koha item type Books
Holdings
Withdrawn status Lost status Damaged status Home library Current library Date acquired Full call number Barcode Date last seen Price effective from Koha item type
      UMT Main Campus UMT Main Campus 2016-01-06 MMC 928.91439 MUN-A 95842 2016-01-06 2016-01-06 Books